| 000 -LEADER |
| fixed length control field |
00352nam a2200121Ia 4500 |
| 008 - FIXED-LENGTH DATA ELEMENTS--GENERAL INFORMATION |
| fixed length control field |
190722s9999 xx 000 0 und d |
| 020 ## - INTERNATIONAL STANDARD BOOK NUMBER |
| International Standard Book Number |
978-1-4822-3389-6 |
| 100 ## - MAIN ENTRY--PERSONAL NAME |
| Personal name |
Gerard Jounghyun Kim |
| 245 #0 - TITLE STATEMENT |
| Title |
Human-Computer Interaction (Fundamentals and Practice) |
| 260 ## - PUBLICATION, DISTRIBUTION, ETC. (IMPRINT) |
| Place of publication, distribution, etc |
New York |
| Name of publisher, distributor, etc |
CRC Press (Taylor & Francis Group) |
| Date of publication, distribution, etc |
2015 |
| 300 ## - PHYSICAL DESCRIPTION |
| Extent |
170 |
| 942 ## - ADDED ENTRY ELEMENTS (KOHA) |
| Koha item type |
Books |